000 00282nam a22001217a 4500
008 180216b xxu||||| |||| 00| 0 eng d
041 _aeng
080 _a616.34
100 _a9
101 _agas
245 _atherapeutic gastrointestinal endoscopy
_cstephen.e.s
942 _2udc
_cBK
999 _c42756
_d42756